00309nam a22000977a 4500082001200000100001500012245007900027260004100106650002600147700003800173 a200 THE aAyesha Zeb aTH-SOF-1241-Active Noise Control of Impulsive Noise using Adaptive Filters aIslamabadbNUST College of EMEc2016 a MS-ELECT-79 MSTHESIS aSupervisor DR SYED WAHEED UL HAQ